| 000 | 01041nam a22001937a 4500 | ||
|---|---|---|---|
| 999 |
_c56906 _d56906 |
||
| 005 | 20191227152150.0 | ||
| 008 | 190612b2019 ||||| |||| 00| 0 geo d | ||
| 020 | _q2298-0954 | ||
| 041 | _ageo | ||
| 245 |
_aარილი : _b2019 №1 (279) : საზოგადოებრივ ლიტერატურული ჟურნალი / _cრედ: მალხაზ ხარბედია ; შადიმან შამანაძე ; მხატვ : მამუკა ტყეშელაშვილი. |
||
| 260 |
_aთბილისი : _bმწერალთა სახლი _c1993 - |
||
| 300 | _aV. | ||
| 653 | _aპერიოდიკა | ||
| 653 | _aლიტრატურა | ||
| 700 |
_aხარბედია, მალხაზ _eრედაქტორი _92463 |
||
| 700 |
_aშამანაძე , შადიმან _eრედაქტორი _92464 |
||
| 700 |
_aტყეშელაშვილი, მამუკა _eმხატვარი _940 |
||
| 942 |
_2udc _cCR |
||